Score 0/10 Timer 03:00
0 Plays Today
% Correct
Donald Trump
69.6%
Arnold Schwarzenegger
65.2%
Bruce Springsteen
65.2%
Rod Stewart
60.9%
John Travolta
60.9%
Prince Charles
60.9%
Cyndi Lauper
52.2%
Agnetha Faltskog
52.2%
Vladimir Putin
47.8%
Tommy Hilfiger
47.8%
Remove Ads.
Support Sporcle.
Get the best of Sporcle when you Go Orange. This ad-free experience offers more features, more stats, and more fun while also helping to support Sporcle. Thank you for becoming a member.

You're not logged in!

Compare scores with friends on all Sporcle quizzes.
OR
Log In

Show Comments

Extras

Top Quizzes Today


Score Distribution

Your Account Isn't Verified!

In order to create a playlist on Sporcle, you need to verify the email address you used during registration. Go to your Sporcle Settings to finish the process.

Report this User

Report this user for behavior that violates our Community Guidelines.

Details: